Correlation of blood fibrinogen, free fatty acids and serum glutamate oxalocetate transminase levels as diagnotic and prognostic index of myocardial injury in cases of acute myocardial infarction (Record no. 860925)

MARC details
000 -LEADER
fixed length control field 00910nam a2200253Ia 4500
003 - CONTROL NUMBER IDENTIFIER
control field OSt
005 - DATE AND TIME OF LATEST TRANSACTION
control field 20220930070434.0
008 - FIXED-LENGTH DATA ELEMENTS--GENERAL INFORMATION
fixed length control field 220926b |||||||| |||| 00| 0 eng d
037 ## - SOURCE OF ACQUISITION
Terms of availability Theses
040 ## - CATALOGING SOURCE
Original cataloging agency CRL
Transcribing agency CRL
Language of cataloging eng
041 ## - LANGUAGE CODE
Source of code eng
Language code of text/sound track or separate title eng
100 ## - MAIN ENTRY--PERSONAL NAME
Personal name Ramnath
9 (RLIN) 527145
110 ## - MAIN ENTRY--CORPORATE NAME
Corporate name or jurisdiction name as entry element University of Delhi. Faculty of Medical Sciences. Department of Medicine
245 #0 - TITLE STATEMENT
Title Correlation of blood fibrinogen, free fatty acids and serum glutamate oxalocetate transminase levels as diagnotic and prognostic index of myocardial injury in cases of acute myocardial infarction
260 ## - PUBLICATION, DISTRIBUTION, ETC.
Date of publication, distribution, etc. 1977
650 ## - SUBJECT ADDED ENTRY--TOPICAL TERM
Topical term or geographic name entry element MEDICINE
700 ## - ADDED ENTRY--PERSONAL NAME
Personal name Dr K Aggarwal Supervisor
9 (RLIN) 524154
700 ## - ADDED ENTRY--PERSONAL NAME
Personal name University of Delhi. Faculty of Medical Sciences. Department of Medicine
942 ## - ADDED ENTRY ELEMENTS (KOHA)
Koha item type Dissertations
Source of classification or shelving scheme Colon Classification (CC)
Holdings
Withdrawn status Lost status Damaged status Not for loan Home library Current library Date acquired Total Checkouts Barcode Date last seen Price effective from Koha item type
        Central Library Central Library 2022-09-30   Th0003330 2022-09-30 2022-09-30 Thesis
Copyright @ Delhi University Library System